| Tag |
First Indicator |
Second Indicator |
Subfields |
| LEADER |
00000cam a2200000 a 4500 |
| 001 |
in00000050034 |
| 005 |
20151007075958.0 |
| 008 |
790124s1978 gw a b 00110 engm |
| 010 |
|
|
|a 78322883
|
| 015 |
|
|
|a GFR***
|
| 020 |
|
|
|a 3802724380
|
| 035 |
|
|
|a (OCoLC)04604813
|
| 035 |
|
|
|9 AAF4083AM
|
| 040 |
|
|
|a DLC
|c DLC
|d TXA
|d UtOrBLW
|
| 049 |
|
|
|a TXAM
|c [1561696]
|
| 050 |
0 |
0 |
|a GC101.2
|b H63
|
| 082 |
0 |
|
|a 628.1/672
|
| 100 |
1 |
|
|a Hömig, H. E.
|
| 245 |
1 |
0 |
|a Seawater and seawater distillation /
|c H.E. Homig.
|
| 264 |
|
1 |
|a Essen :
|b Vulkan-Verlag,
|c [1978]
|
| 264 |
|
4 |
|c ©1978
|
| 300 |
|
|
|a 202 pages :
|b illustrations ;
|c 22 cm.
|
| 336 |
|
|
|a text
|b txt
|2 rdacontent
|
| 337 |
|
|
|a unmediated
|b n
|2 rdamedia
|
| 338 |
|
|
|a volume
|b nc
|2 rdacarrier
|
| 500 |
|
|
|a At head of title: Fichtner-Handbook.
|
| 504 |
|
|
|a Includes bibliographical references and index.
|
| 650 |
|
0 |
|a Seawater.
|
| 650 |
|
0 |
|a Seawater
|x Distillation.
|
| 740 |
0 |
|
|a Fichtner-Handbook.
|
| 999 |
|
|
|a MARS
|
| 999 |
f |
f |
|s 88a088f6-e6f7-3dcb-b54b-9d8dfa522e17
|i d7bcd796-e013-3147-9f53-e430147e3b78
|t 0
|
| 952 |
f |
f |
|p normal
|a Texas A&M University
|b College Station
|c Sterling C. Evans Library
|d Evans: Library Stacks
|t 0
|e GC101.2 H63
|h Library of Congress classification
|i unmediated -- volume
|m A14805945799
|
| 998 |
f |
f |
|a GC101.2 H63
|t 0
|l Evans: Library Stacks
|